Commonwealth national bibliographies : an annotated directory.

Disimpan dalam:
Butiran Bibliografi
Pengarang Korporat: Commonwealth Secretariat.
Format: Buku
Bahasa:English
Diterbitkan: London : Commonwealth Secretariat, 1977.
Subjek-subjek:
Penanda-penanda: Tambah Penanda
Tiada Penanda, Jadilah orang pertama menanda rekod ini!
LEADER 00682nam a2200229 i 4500
001 000782867-5
005 20020606090541.3
008 780307s1977 enk br i00000 eng
010 |a  77377740  
015 |a GB*** 
020 |a 0850921252 :  |c £0.50 
035 0 |a ocm03750450 
040 |a DLC  |c DLC 
043 |a b------ 
110 2 |a Commonwealth Secretariat. 
245 1 0 |a Commonwealth national bibliographies :  |b an annotated directory. 
260 0 |a London :  |b Commonwealth Secretariat,  |c 1977. 
300 |a 97 p. ;  |c 21 cm. 
650 0 |a Bibliography, National  |z Commonwealth of Nations  |v Bibliography. 
650 0 |a Bibliography of bibliographies. 
988 |a 20020608 
906 |0 DLC